Lenguaje y comunicación
保存先:
| 主要な著者: | , |
|---|---|
| フォーマット: | 図書 |
| 言語: | スペイン語 |
| 出版事項: |
Santiago
Ministerio de Educación
2004
|
| 版: | 2a. ed |
| シリーズ: | Talleres Comunales de Perfeccionamiento Nivel básico 2 NB2
|
| 主題: | |
| タグ: |
タグ追加
タグなし, このレコードへの初めてのタグを付けませんか!
|
MARC
| LEADER | 00000nam a2200000 a 4500 | ||
|---|---|---|---|
| 001 | UCI3670 | ||
| 003 | CL-VaPUC | ||
| 008 | 071123e20040000CL |||||||||||||||||spa|d | ||
| 082 | 0 | 4 | |a 372.6 |b CON |2 21 |
| 100 | 0 | |a Condemarín G., Mabel |e author |9 525139 | |
| 700 | |a Larraín Ibáñez, Carmen |e author |9 448821 | ||
| 245 | 1 | 0 | |a Lenguaje y comunicación |
| 250 | |a 2a. ed | ||
| 300 | |a 168 p | ||
| 942 | |c BK | ||
| 945 | |d 20071123 00:00:00 |a rbrito | ||
| 260 | |a Santiago |b Ministerio de Educación |c 2004 | ||
| 650 | 0 | |a Enseñanza del lenguaje |9 373325 | |
| 650 | 0 | |a Comprensión de lectura |9 307588 | |
| 650 | 0 | |a Formación profesional de profesores |9 307493 | |
| 583 | |a last modification |c 20161102 12:59:30 |k Rodrigo Vera | ||
| 490 | 0 | |a Talleres Comunales de Perfeccionamiento Nivel básico 2 NB2 | |
| 999 | |c 327801 |d 327799 | ||
| 952 | |0 0 |1 0 |4 0 |6 372_600000000000000_CON_2004 |7 0 |8 A |9 411261 |a BIBEDU |b BIBEDU |d 2019-11-22 |i 4391616 |o 372.6 CON 2004 |p 4391616 |r 2019-11-22 |w 2019-11-22 |y BK |k EPE | ||
| 952 | |0 0 |1 0 |4 0 |6 372_600000000000000_CON_2004 |7 0 |8 A |9 411262 |a BIBEDU |b BIBEDU |d 2019-11-22 |i 4391624 |o 372.6 CON 2004 |p 4391624 |r 2019-11-22 |w 2019-11-22 |y BK |k EPE | ||